Movies by Actor With Final Billing - Statistics

General Stats
  • This quiz has been taken 52 times
  • The average score is 6 of 12
Answer Stats
Year Actor Movie % Correct
1973 Linda Blair The Exorcist
87%
1977 Alec Guinness Star Wars
80%
1995 Kevin Spacey The Usual Suspects
69%
1993 Richard Attenborough Jurassic Park
58%
1994 Bruce Willis Pulp Fiction
51%
1994 Sally Field Forrest Gump
42%
2012 Donald Sutherland The Hunger Games
42%
2012 Judi Dench Skyfall
40%
1973 Tatum O’Neal Paper Moon
38%
2006 Jennifer Hudson Dreamgirls
36%
1978 Marlon Brando Superman
33%
1996 Edward Norton Primal Fear
20%
No matching quizzes found
Score Distribution
Percent of People with Each Score
Percentile by Number Answered
Your Score History
You have not taken this quiz